[Event "Scarborough CC Howard Ridout U1800"]
[Site "Toronto CAN"]
[Date "2011.09.15"]
[Round "2"]
[White "Guo, Tan"]
[Black "Liang, Phillip"]
[Result "1-0"]
[WhiteElo "1547"]
[BlackElo "1376"]
[PlyCount "59"]
[GameId "2160767909648657"]
[EventDate "2011.09.08"]
[EventType "swiss"]
[EventRounds "6"]
[EventCountry "CAN"]
[SourceTitle "EXT 2022"]
[Source "ChessBase"]
[SourceDate "2021.10.06"]
[SourceVersion "1"]
[SourceVersionDate "2021.10.06"]
[SourceQuality "1"]

1. e4 c5 2. Nf3 Nf6 3. Nc3 d6 4. d4 cxd4 5. Nxd4 Nc6 6. Be2 e6 7. O-O a6 8. Nb3 Be7 9. Be3 b5 10. a3 Qc7 11. Qd2 Bb7 12. f4 O-O 13. Bf3 Rfd8 14. Rad1 Rac8 15. Qf2 Rd7 16. Kh1 Qb8 17. Rd2 Bd8 18. Rfd1 Na5 19. Ba7 Qa8 20. Nxa5 Bxa5 21. Rxd6 Rxd6 22. Rxd6 Bxc3 23. bxc3 Nxe4 24. Bxe4 Bxe4 25. Bb6 Kf8 26. Qd2 Ke7 27. Rd7+ Ke8 28. Qd6 Bxg2+ 29. Kg1 Qb8 30. Qe7# 1-0

[Event "Scarborough CC Howard Ridout U1800"]
[Site "Toronto CAN"]
[Date "2011.09.15"]
[Round "2"]
[White "Guo, Thomas"]
[Black "Malyuzhinets, Dmitry"]
[Result "1-0"]
[WhiteElo "993"]
[BlackElo "1295"]
[PlyCount "22"]
[GameId "2160767909648658"]
[EventDate "2011.09.08"]
[EventType "swiss"]
[EventRounds "6"]
[EventCountry "CAN"]
[SourceTitle "EXT 2022"]
[Source "ChessBase"]
[SourceDate "2021.10.06"]
[SourceVersion "1"]
[SourceVersionDate "2021.10.06"]
[SourceQuality "1"]

1. e4 e5 2. Nc3 Nf6 3. Nf3 d6 4. d4 Nbd7 5. Bb5 a6 6. Ba4 b5 7. Bb3 Bb7 8. Ng5 h6 9. Nxf7 Qe7 10. Nxh8 b4 11. Nd5 O-O-O 1-0

[Event "Scarborough CC Howard Ridout U1800"]
[Site "Toronto CAN"]
[Date "2011.09.15"]
[Round "2"]
[White "Kurkowski, Ken"]
[Black "Wang, Eric1"]
[Result "0-1"]
[WhiteElo "1601"]
[BlackElo "1398"]
[PlyCount "95"]
[GameId "2160767909648659"]
[EventDate "2011.09.08"]
[EventType "swiss"]
[EventRounds "6"]
[EventCountry "CAN"]
[SourceTitle "EXT 2022"]
[Source "ChessBase"]
[SourceDate "2021.10.06"]
[SourceVersion "1"]
[SourceVersionDate "2021.10.06"]
[SourceQuality "1"]

1. d4 Nf6 2. c4 g6 3. Nc3 Bg7 4. e4 O-O 5. Nf3 d6 6. Be2 e5 7. d5 Nbd7 8. Be3 a5 9. O-O Ng4 10. Bg5 f6 11. Bd2 f5 12. exf5 gxf5 13. Ng5 Ndf6 14. f3 Nh6 15. Ne6 Bxe6 16. dxe6 Re8 17. Nd5 Rxe6 18. Bg5 Nf7 19. Qd2 Nxg5 20. Qxg5 Nxd5 21. Qxd8+ Rxd8 22. cxd5 Re7 23. Rab1 Bh6 24. b4 Be3+ 25. Kh1 axb4 26. Rxb4 Bb6 27. a4 Ra8 28. Ra1 Kg7 29. a5 Rxa5 30. Rxa5 Bxa5 31. Rxb7 Bb6 32. Rb8 e4 33. f4 e3 34. g3 Re4 35. Kg2 Rd4 36. Re8 Rxd5 37. Re7+ Kg6 38. Re6+ Kf7 39. Rh6 Kg8 40. Bc4 Kg7 41. Re6 Rd2+ 42. Kh3 d5 43. Bb5 d4 44. Re7+ Kf6 45. Rxh7 d3 46. Rh6+ Kg7 47. Re6 e2 48. Bxd3 0-1

[Event "Scarborough CC Howard Ridout U1800"]
[Site "Toronto CAN"]
[Date "2011.09.15"]
[Round "2"]
[White "Li, Michael"]
[Black "Roy, Lawrence"]
[Result "1-0"]
[WhiteElo "1445"]
[BlackElo "1038"]
[PlyCount "96"]
[GameId "2160767909648660"]
[EventDate "2011.09.08"]
[EventType "swiss"]
[EventRounds "6"]
[EventCountry "CAN"]
[SourceTitle "EXT 2022"]
[Source "ChessBase"]
[SourceDate "2021.10.06"]
[SourceVersion "1"]
[SourceVersionDate "2021.10.06"]
[SourceQuality "1"]

1. e4 e5 2. Nf3 Nc6 3. Bb5 Nf6 4. Nc3 d6 5. d3 Bg4 6. O-O a6 7. Bxc6+ bxc6 8. Re1 Be7 9. h3 Be6 10. d4 exd4 11. Nxd4 Bd7 12. Be3 O-O 13. Rb1 Rb8 14. Qd2 Re8 15. b3 Bf8 16. Bg5 h6 17. Bxf6 Qxf6 18. Rbd1 c5 19. Nf3 Bxh3 20. gxh3 Qxf3 21. Qd3 Qxd3 22. cxd3 c6 23. f3 g5 24. Kg2 Bg7 25. Rc1 Be5 26. Ne2 Kh7 27. Rcd1 Rb4 28. a3 Rxb3 29. d4 cxd4 30. Nxd4 Bxd4 31. Rxd4 Re6 32. Ra4 Rb6 33. Kg3 d5 34. Kg4 Kg6 35. Rg1 dxe4 36. fxe4 Re5 37. h4 gxh4 38. Rb4 Rg5+ 39. Kxh4 Rxb4 40. axb4 Rxg1 41. b5 cxb5 42. e5 Rg5 43. e6 fxe6 44. Kh3 b4 45. Kh4 b3 46. Kh3 b2 47. Kh2 b1=Q 48. Kh3 Qh1# 1-0

[Event "Scarborough CC Howard Ridout U1800"]
[Site "Toronto CAN"]
[Date "2011.09.15"]
[Round "2"]
[White "Liao, Jacky"]
[Black "Smith, Maurice"]
[Result "0-1"]
[WhiteElo "1327"]
[BlackElo "1535"]
[PlyCount "100"]
[GameId "2160767909648661"]
[EventDate "2011.09.08"]
[EventType "swiss"]
[EventRounds "6"]
[EventCountry "CAN"]
[SourceTitle "EXT 2022"]
[Source "ChessBase"]
[SourceDate "2021.10.06"]
[SourceVersion "1"]
[SourceVersionDate "2021.10.06"]
[SourceQuality "1"]

1. e4 c5 2. Nf3 d6 3. d4 cxd4 4. Nxd4 Nf6 5. Nc3 g6 6. Be3 Bg7 7. f3 Bd7 8. Qd2 O-O 9. O-O-O Nc6 10. Kb1 Rc8 11. h4 h5 12. Bh6 Nxd4 13. Bxg7 Kxg7 14. Qxd4 Kg8 15. e5 dxe5 16. Qxe5 Re8 17. g4 Qc7 18. Qg5 Bc6 19. Be2 Red8 20. gxh5 Rxd1+ 21. Rxd1 Nxh5 22. Bc4 e6 23. Bxe6 fxe6 24. Qxg6+ Ng7 25. h5 Qf7 26. Rg1 Qxg6 27. Rxg6 Kf7 28. Rg5 Rh8 29. Ne4 Bxe4 30. fxe4 Rxh5 31. Rxh5 Nxh5 32. e5 Nf4 33. b4 Ng6 34. Kb2 Nxe5 35. Kc3 Kf6 36. a4 a6 37. Kd4 Kf5 38. c4 Nc6+ 39. Kc3 e5 40. b5 axb5 41. cxb5 Nd4 42. Kc4 b6 43. a5 bxa5 44. b6 Nc6 45. Kc5 Nb8 46. b7 e4 47. Kb6 e3 48. Kc7 e2 49. Kxb8 e1=Q 50. Ka8 Qb4 0-1

[Event "Scarborough CC Howard Ridout U1800"]
[Site "Toronto CAN"]
[Date "2011.09.15"]
[Round "2"]
[White "Liu, Peter"]
[Black "Kaneshalingam, Mathanhe"]
[Result "0-1"]
[WhiteElo "1298"]
[BlackElo "955"]
[PlyCount "42"]
[GameId "2160767909648662"]
[EventDate "2011.09.08"]
[EventType "swiss"]
[EventRounds "6"]
[EventCountry "CAN"]
[SourceTitle "EXT 2022"]
[Source "ChessBase"]
[SourceDate "2021.10.06"]
[SourceVersion "1"]
[SourceVersionDate "2021.10.06"]
[SourceQuality "1"]

1. e4 c5 2. Nf3 Nc6 3. d4 cxd4 4. Nxd4 e5 5. Nb3 Nf6 6. Nc3 d6 7. Bg5 Be7 8. Bc4 O-O 9. Qd2 Re8 10. h3 Be6 11. Bxe6 fxe6 12. f3 Rc8 13. O-O-O a6 14. g4 d5 15. Bxf6 Bxf6 16. exd5 Bg5 17. f4 Bxf4 18. Qxf4 exf4 19. dxc6 Qc7 20. Ne4 Qxc6 21. Nd6 Qxc2# 0-1

[Event "Scarborough CC Howard Ridout U1800"]
[Site "Toronto CAN"]
[Date "2011.09.15"]
[Round "2"]
[White "Maister, Martin"]
[Black "Yie, Kevin Yi Xiao"]
[Result "1/2-1/2"]
[WhiteElo "1673"]
[BlackElo "1445"]
[PlyCount "118"]
[GameId "2160767909648663"]
[EventDate "2011.09.08"]
[EventType "swiss"]
[EventRounds "6"]
[EventCountry "CAN"]
[SourceTitle "EXT 2022"]
[Source "ChessBase"]
[SourceDate "2021.10.06"]
[SourceVersion "1"]
[SourceVersionDate "2021.10.06"]
[SourceQuality "1"]

1. b3 e5 2. Bb2 Nc6 3. e3 d5 4. Bb5 Bd6 5. Ne2 Nf6 6. O-O O-O 7. f4 e4 8. Bxc6 bxc6 9. Na3 Qe7 10. Qc1 Ba6 11. Re1 Bxe2 12. Rxe2 a5 13. c4 Rfb8 14. Nc2 Bc5 15. Nd4 Bxd4 16. Bxd4 a4 17. Re1 h6 18. Qc3 Ne8 19. cxd5 cxd5 20. bxa4 Rxa4 21. Qc6 Rc4 22. Qxd5 Qb4 23. Rab1 Qxb1 24. Rxb1 Rxb1+ 25. Kf2 Nd6 26. Be5 Rb5 27. Qa8+ Kh7 28. Bxd6 cxd6 29. Qe8 Rb2 30. Qxf7 Rxd2+ 31. Kg3 Rdc2 32. a3 R2c3 33. Qf5+ Kh8 34. Qf8+ Kh7 35. Qxd6 Rxe3+ 36. Kg4 Rec3 37. Kh5 Rc5+ 38. f5 Rxf5+ 39. Kg4 Rfc5 40. h4 e3 41. Qe6 Rc6 42. Qe4+ Rg6+ 43. Kf3 Rxa3 44. h5 e2+ 45. Kxe2 Ra2+ 46. Kf3 Raxg2 47. hxg6+ Rxg6 48. Qf5 h5 49. Qxh5+ Rh6 50. Qf5+ Kg8 51. Kg4 Rf6 52. Qd5+ Kh8 53. Qd8+ Kh7 54. Qe8 Rg6+ 55. Kf5 Rf6+ 56. Kg5 Rh6 57. Qf7 Rf6 58. Qe8 Rh6 59. Qe4+ Kg8 1/2-1/2

[Event "Scarborough CC Howard Ridout U1800"]
[Site "Toronto CAN"]
[Date "2011.09.15"]
[Round "2"]
[White "Maurer, Hans"]
[Black "Lin, William"]
[Result "0-1"]
[WhiteElo "1018"]
[BlackElo "1362"]
[PlyCount "54"]
[GameId "2160767909648664"]
[EventDate "2011.09.08"]
[EventType "swiss"]
[EventRounds "6"]
[EventCountry "CAN"]
[SourceTitle "EXT 2022"]
[Source "ChessBase"]
[SourceDate "2021.10.06"]
[SourceVersion "1"]
[SourceVersionDate "2021.10.06"]
[SourceQuality "1"]

1. e4 e6 2. d4 d5 3. e5 c5 4. c3 Nc6 5. Nf3 Qb6 6. Be3 Qxb2 7. Nbd2 Qxc3 8. Rc1 Qa5 9. a4 c4 10. Qc2 Bb4 11. Bxc4 dxc4 12. Qxc4 Nge7 13. O-O Bxd2 14. Nxd2 Qd5 15. Nf3 Qxc4 16. Rxc4 b6 17. Ra1 Bb7 18. Rd1 O-O 19. Bg5 Rac8 20. h3 Ba6 21. Rc3 Nd5 22. Rdc1 Nxd4 23. Rxc8 Nxf3+ 24. gxf3 Rxc8 25. Rd1 Be2 26. Re1 Bxf3 27. Re3 Nxe3 0-1

[Event "Scarborough CC Howard Ridout U1800"]
[Site "Toronto CAN"]
[Date "2011.09.15"]
[Round "2"]
[White "Mendrinos, Ari"]
[Black "Radpey, Abdolreza"]
[Result "0-1"]
[WhiteElo "1433"]
[BlackElo "1650"]
[PlyCount "38"]
[GameId "2160767909648665"]
[EventDate "2011.09.08"]
[EventType "swiss"]
[EventRounds "6"]
[EventCountry "CAN"]
[SourceTitle "EXT 2022"]
[Source "ChessBase"]
[SourceDate "2021.10.06"]
[SourceVersion "1"]
[SourceVersionDate "2021.10.06"]
[SourceQuality "1"]

1. e4 c5 2. Nf3 Nc6 3. Bc4 e6 4. d3 a6 5. O-O b5 6. Bb3 Nf6 7. Bg5 h6 8. Be3 Qc7 9. Nbd2 Bd6 10. Re1 Ng4 11. g3 Bb7 12. Nf1 g5 13. h3 Nge5 14. Nxe5 Bxe5 15. c3 O-O-O 16. Qf3 Rdf8 17. Qg2 f5 18. exf5 Rxf5 19. Bc2 Nd4 0-1

[Event "Scarborough CC Howard Ridout U1800"]
[Site "Toronto CAN"]
[Date "2011.09.15"]
[Round "2"]
[White "Pulogarajah, Kaarthic"]
[Black "Pishdad, Hassan"]
[Result "0-1"]
[WhiteElo "998"]
[BlackElo "1338"]
[PlyCount "63"]
[GameId "2160767909648667"]
[EventDate "2011.09.08"]
[EventType "swiss"]
[EventRounds "6"]
[EventCountry "CAN"]
[SourceTitle "EXT 2022"]
[Source "ChessBase"]
[SourceDate "2021.10.06"]
[SourceVersion "1"]
[SourceVersionDate "2021.10.06"]
[SourceQuality "1"]

1. e4 c5 2. d4 cxd4 3. Qxd4 Nc6 4. Qd1 Nf6 5. Nc3 e6 6. a3 Bc5 7. Nf3 O-O 8. Bd3 d6 9. O-O a6 10. Re1 h6 11. e5 dxe5 12. Nxe5 Nxe5 13. Rxe5 Bd4 14. Re1 Bxc3 15. bxc3 Qc7 16. f3 Qxc3 17. Bd2 Qc7 18. g3 b5 19. a4 Bb7 20. Be4 Nxe4 21. fxe4 Rfd8 22. Qe2 Qxc2 23. Ba5 Qxe2 24. Rxe2 Rd4 25. axb5 axb5 26. Bc3 Rxa1+ 27. Bxa1 Rd1+ 28. Kf2 Rxa1 29. Rb2 Bc6 30. e5 Rh1 31. Rc2 Rxh2+ 32. Ke3 0-1

[Event "Scarborough CC Howard Ridout U1800"]
[Site "Toronto CAN"]
[Date "2011.09.15"]
[Round "2"]
[White "Roy, Harrison"]
[Black "Teram, Eli"]
[Result "0-1"]
[WhiteElo "910"]
[BlackElo "1220"]
[PlyCount "46"]
[GameId "2160767909648668"]
[EventDate "2011.09.08"]
[EventType "swiss"]
[EventRounds "6"]
[EventCountry "CAN"]
[SourceTitle "EXT 2022"]
[Source "ChessBase"]
[SourceDate "2021.10.06"]
[SourceVersion "1"]
[SourceVersionDate "2021.10.06"]
[SourceQuality "1"]

1. e4 e5 2. Nf3 Nc6 3. Bb5 Nf6 4. Nc3 Bc5 5. h3 O-O 6. O-O Nd4 7. Nxd4 Bxd4 8. Re1 c6 9. Bc4 b5 10. Be2 b4 11. Nb1 Nxe4 12. Bd3 Bxf2+ 13. Kf1 Bxe1 14. Qxe1 Qf6+ 15. Kg1 Ng5 16. Qh4 Nf3+ 17. gxf3 Qxh4 18. c3 bxc3 19. Nxc3 d5 20. Ne2 Bxh3 21. f4 Qg4+ 22. Kf2 Qg2+ 23. Ke1 Qf1# 0-1

[Event "Scarborough CC Howard Ridout U1800"]
[Site "Toronto CAN"]
[Date "2011.09.15"]
[Round "2"]
[White "Sharpe, Sam"]
[Black "Triefeldt, Jack"]
[Result "1-0"]
[WhiteElo "1914"]
[BlackElo "1774"]
[PlyCount "47"]
[GameId "2160767909648669"]
[EventDate "2011.09.08"]
[EventType "swiss"]
[EventRounds "6"]
[EventCountry "CAN"]
[SourceTitle "EXT 2022"]
[Source "ChessBase"]
[SourceDate "2021.10.06"]
[SourceVersion "1"]
[SourceVersionDate "2021.10.06"]
[SourceQuality "1"]

1. d4 Nf6 2. Nf3 d5 3. e3 e6 4. Bd3 c5 5. b3 Nc6 6. Bb2 cxd4 7. exd4 Bb4+ 8. c3 Bd6 9. O-O O-O 10. Re1 Qc7 11. Na3 a6 12. c4 Bb4 13. Re2 dxc4 14. bxc4 Bd7 15. Qb3 Be7 16. Rc1 Rab8 17. Bb1 Qf4 18. d5 Nb4 19. Nc2 Nxc2 20. Qxc2 Qh6 21. d6 Bd8 22. Ne5 Bb6 23. Rd1 Ne8 24. Nxd7 1-0

[Event "Scarborough CC Howard Ridout U1800"]
[Site "Toronto CAN"]
[Date "2011.09.15"]
[Round "2"]
[White "Song, Eric"]
[Black "Bellissimo, Joseph"]
[Result "0-1"]
[WhiteElo "1616"]
[BlackElo "1895"]
[PlyCount "98"]
[GameId "2160767909648670"]
[EventDate "2011.09.08"]
[EventType "swiss"]
[EventRounds "6"]
[EventCountry "CAN"]
[SourceTitle "EXT 2022"]
[Source "ChessBase"]
[SourceDate "2021.10.06"]
[SourceVersion "1"]
[SourceVersionDate "2021.10.06"]
[SourceQuality "1"]

1. e4 e6 2. d4 d5 3. Nc3 Nf6 4. e5 Nfd7 5. Bd3 c5 6. Bb5 Nc6 7. Nf3 Qb6 8. Be3 a6 9. Bxc6 bxc6 10. dxc5 Qxb2 11. Bd4 Qb4 12. O-O Bxc5 13. Ne2 O-O 14. Qd3 Be7 15. Nf4 c5 16. Be3 Qb8 17. Rab1 Qc7 18. Qc3 Bb7 19. Nh5 Qc6 20. Qd2 f6 21. Bf4 d4 22. h4 Nxe5 23. Rxb7 Nxf3+ 24. gxf3 Qxb7 25. Qe2 Qd5 26. Ng3 Bd6 27. Bxd6 Qxd6 28. Kh1 Rfe8 29. Kg1 Qf4 30. Kg2 Qxh4 31. Rh1 Qg5 32. Qe4 Qg6 33. Qe2 Rac8 34. Qc4 Rc6 35. Kf1 Rb8 36. Kg2 Rb2 37. Rc1 h5 38. Qa4 Rcb6 39. Rh1 f5 40. f4 R2b4 41. Qd7 Qf7 42. Qd8+ Qf8 43. Qg5 Qa8+ 44. f3 Rb2 45. Rxh5 Rxc2+ 46. Kh3 Rbb2 47. Nf1 Qxf3+ 48. Kh4 Rh2+ 49. Nxh2 Rxh2# 0-1

[Event "Scarborough CC Howard Ridout U1800"]
[Site "Toronto CAN"]
[Date "2011.09.15"]
[Round "2"]
[White "Thanabalachandran, Kajan"]
[Black "Rodriguez, Sergio1"]
[Result "1-0"]
[WhiteElo "1594"]
[BlackElo "1208"]
[PlyCount "61"]
[GameId "2160767909648672"]
[EventDate "2011.09.08"]
[EventType "swiss"]
[EventRounds "6"]
[EventCountry "CAN"]
[SourceTitle "EXT 2022"]
[Source "ChessBase"]
[SourceDate "2021.10.06"]
[SourceVersion "1"]
[SourceVersionDate "2021.10.06"]
[SourceQuality "1"]

1. e4 e5 2. Nf3 Nc6 3. Bb5 Nf6 4. d3 Bc5 5. O-O Nd4 6. Nxd4 Bxd4 7. h3 c6 8. Ba4 b5 9. Bb3 d5 10. c3 Bb6 11. exd5 cxd5 12. Re1 Bc7 13. Bg5 h6 14. Bh4 O-O 15. Nd2 Qd6 16. Bg3 Re8 17. d4 Nd7 18. Nf3 f6 19. dxe5 Qb6 20. Bxd5+ Kh8 21. Bxa8 fxe5 22. Be4 Nf6 23. Bg6 Rd8 24. Qc2 e4 25. Bxc7 Qxc7 26. Bxe4 Nxe4 27. Qxe4 Bb7 28. Qe7 Rd7 29. Qe8+ Kh7 30. Ng5+ hxg5 31. Qh5+ 1-0

[Event "Scarborough CC Howard Ridout U1800"]
[Site "Toronto CAN"]
[Date "2011.09.15"]
[Round "2"]
[White "Thanabalachandran, Luxiga"]
[Black "Raphael, Raymond"]
[Result "1-0"]
[WhiteElo "866"]
[BlackElo "1715"]
[PlyCount "71"]
[GameId "2160767909648673"]
[EventDate "2011.09.08"]
[EventType "swiss"]
[EventRounds "6"]
[EventCountry "CAN"]
[SourceTitle "EXT 2022"]
[Source "ChessBase"]
[SourceDate "2021.10.06"]
[SourceVersion "1"]
[SourceVersionDate "2021.10.06"]
[SourceQuality "1"]

1. e4 e5 2. Nf3 Nc6 3. Bb5 a6 4. Ba4 Nf6 5. Nc3 b5 6. Bb3 Na5 7. Nxe5 Nxb3 8. axb3 Bb7 9. d3 d6 10. Nf3 h6 11. O-O Qd7 12. h3 Be7 13. Bf4 O-O 14. e5 Bxf3 15. Qxf3 Nh7 16. exd6 Bxd6 17. Bxd6 Qxd6 18. Qb7 Nf6 19. Ne4 Nxe4 20. Qxe4 Rfe8 21. Qf3 c6 22. Rfe1 Rxe1+ 23. Rxe1 Kf8 24. Qg3 Qxg3 25. fxg3 Re8 26. Rxe8+ Kxe8 27. c4 Ke7 28. Kf2 Ke6 29. Ke2 Ke5 30. Ke3 c5 31. h4 a5 32. cxb5 Kd6 33. Kd2 Kc7 34. Kc3 f5 35. Kc4 Kb6 36. h5 1-0

[Event "Scarborough CC Howard Ridout U1800"]
[Site "Toronto CAN"]
[Date "2011.09.15"]
[Round "2"]
[White "Tismenko, Dennis"]
[Black "Verde, Pino"]
[Result "1-0"]
[WhiteElo "1407"]
[BlackElo "1675"]
[PlyCount "85"]
[GameId "2160767909648674"]
[EventDate "2011.09.08"]
[EventType "swiss"]
[EventRounds "6"]
[EventCountry "CAN"]
[SourceTitle "EXT 2022"]
[Source "ChessBase"]
[SourceDate "2021.10.06"]
[SourceVersion "1"]
[SourceVersionDate "2021.10.06"]
[SourceQuality "1"]

1. e4 d6 2. d4 Nf6 3. Nc3 Nbd7 4. Nf3 g6 5. Bf4 Bg7 6. Qd2 h6 7. h3 c6 8. Bc4 b5 9. Bb3 b4 10. Ne2 Nxe4 11. Qxb4 Rb8 12. Qc4 O-O 13. Qxc6 Bb7 14. Qc4 Qa5+ 15. c3 Ba6 16. Qa4 Qxa4 17. Bxa4 Rxb2 18. Nfg1 Nb6 19. Bb3 Rc8 20. Bc1 Rxe2+ 21. Nxe2 Bxe2 22. Kxe2 Nxc3+ 23. Kd3 a5 24. Bd2 Nb5 25. Bxa5 Bxd4 26. Rac1 Rxc1 27. Rxc1 Nd7 28. Ba4 Ne5+ 29. Ke4 d5+ 30. Kxd5 e6+ 31. Ke4 f5+ 32. Kf4 Nd3+ 33. Kf3 Nxc1 34. Bxb5 Kf7 35. Bc4 g5 36. Bd2 Bb2 37. a4 Ke7 38. a5 e5 39. a6 e4+ 40. Ke3 Ba3 41. Bxc1 Bc5+ 42. Ke2 f4 43. Ba3 1-0

[Event "Scarborough CC Howard Ridout U1800"]
[Site "Toronto CAN"]
[Date "2011.09.15"]
[Round "2"]
[White "Vojnov, Miomir"]
[Black "Karpik, Steve"]
[Result "1-0"]
[WhiteElo "1633"]
[BlackElo "1425"]
[PlyCount "59"]
[GameId "2160767909648675"]
[EventDate "2011.09.08"]
[EventType "swiss"]
[EventRounds "6"]
[EventCountry "CAN"]
[SourceTitle "EXT 2022"]
[Source "ChessBase"]
[SourceDate "2021.10.06"]
[SourceVersion "1"]
[SourceVersionDate "2021.10.06"]
[SourceQuality "1"]

1. e4 d6 2. Nf3 Nf6 3. Nc3 g6 4. Bc4 Bg7 5. O-O Nc6 6. d4 Bg4 7. Be2 e5 8. d5 Bxf3 9. Bxf3 Nd4 10. Qd3 Nxf3+ 11. Qxf3 Nd7 12. Qg4 a6 13. f4 Nf6 14. Qf3 Nd7 15. Qg3 O-O 16. f5 Bf6 17. Bh6 Bg7 18. Bg5 Bf6 19. Be3 Bg7 20. Rf3 Bf6 21. Raf1 Bh4 22. Qh3 Bg5 23. Bxg5 Qxg5 24. fxg6 fxg6 25. Qxd7 Rxf3 26. Rxf3 Qc1+ 27. Rf1 Qe3+ 28. Kh1 Rf8 29. Qe6+ Kg7 30. Qe7+ 1-0

[Event "Scarborough CC Howard Ridout U1800"]
[Site "Toronto CAN"]
[Date "2011.09.15"]
[Round "2"]
[White "Vyravanathan, Sobiga"]
[Black "Mesiti, Silvano"]
[Result "1/2-1/2"]
[WhiteElo "1388"]
[BlackElo "1667"]
[PlyCount "99"]
[GameId "2160767909648676"]
[EventDate "2011.09.08"]
[EventType "swiss"]
[EventRounds "6"]
[EventCountry "CAN"]
[SourceTitle "EXT 2022"]
[Source "ChessBase"]
[SourceDate "2021.10.06"]
[SourceVersion "1"]
[SourceVersionDate "2021.10.06"]
[SourceQuality "1"]

1. e4 e5 2. Nf3 d6 3. d4 exd4 4. Nxd4 Bd7 5. Nc3 Be7 6. Be2 Nf6 7. O-O O-O 8. Be3 Nc6 9. Bf3 Ne5 10. Be2 Re8 11. h3 a6 12. Re1 Qc8 13. Bf4 Bd8 14. Bg3 b5 15. a3 Qb7 16. Nf3 Bc6 17. Nxe5 dxe5 18. Bf3 Nd7 19. Re2 Nb6 20. Nd5 Bg5 21. Nxb6 cxb6 22. h4 Bf6 23. Qe1 Rad8 24. c3 Qe7 25. Rd1 Bxh4 26. Bxh4 Qxh4 27. Red2 Kf8 28. Qe3 Rxd2 29. Rxd2 Rd8 30. Re2 Rd1+ 31. Re1 Rxe1+ 32. Qxe1 Qd8 33. Qe3 Ke7 34. Bg4 f6 35. Bf3 Bb7 36. Bg4 Qd6 37. Bf5 Kf8 38. Bg4 Bc8 39. Bh5 Be6 40. Bf3 Bb3 41. Qe1 Bc4 42. Qe3 Bb3 43. Qe1 Qd3 44. Qc1 Be6 45. Qe1 Bd7 46. Qa1 Bc6 47. Qc1 Ke7 48. Kh2 Kd6 49. Kg3 Kc7 50. Kh2 1/2-1/2

[Event "Scarborough CC Howard Ridout U1800"]
[Site "Toronto CAN"]
[Date "2011.09.15"]
[Round "2"]
[White "Xiao, Jerry"]
[Black "Zhao, Yanchun"]
[Result "0-1"]
[WhiteElo "912"]
[BlackElo "1194"]
[PlyCount "64"]
[GameId "2160767909648677"]
[EventDate "2011.09.08"]
[EventType "swiss"]
[EventRounds "6"]
[EventCountry "CAN"]
[SourceTitle "EXT 2022"]
[Source "ChessBase"]
[SourceDate "2021.10.06"]
[SourceVersion "1"]
[SourceVersionDate "2021.10.06"]
[SourceQuality "1"]

1. d4 d5 2. c4 c6 3. Nc3 Nf6 4. Nf3 e6 5. e3 a6 6. a3 c5 7. Bd3 Nc6 8. O-O Qb6 9. Na4 Qa5 10. Bd2 Qc7 11. Qb3 cxd4 12. exd4 Na5 13. Bxa5 Qxa5 14. cxd5 Qxd5 15. Bc4 Qc6 16. Rad1 b5 17. Nc5 bxc4 18. Qxc4 Bxc5 19. dxc5 O-O 20. Ne5 Qe4 21. Rd4 Qxe5 22. f4 Qc7 23. Rfd1 Bb7 24. Rd6 Rfd8 25. Qd4 Rxd6 26. cxd6 Qc6 27. Kf1 Qxg2+ 28. Ke1 Qe4+ 29. Qxe4 Nxe4 30. d7 Rd8 31. Ke2 Nf6 32. Rc1 Rxd7 0-1

[Event "Scarborough CC Howard Ridout U1800"]
[Site "Toronto CAN"]
[Date "2011.09.15"]
[Round "2"]
[White "Zhang, Taylor"]
[Black "Crnilovic, Grisha"]
[Result "0-1"]
[WhiteElo "1692"]
[BlackElo "1215"]
[PlyCount "64"]
[GameId "2160767909648678"]
[EventDate "2011.09.08"]
[EventType "swiss"]
[EventRounds "6"]
[EventCountry "CAN"]
[SourceTitle "EXT 2022"]
[Source "ChessBase"]
[SourceDate "2021.10.06"]
[SourceVersion "1"]
[SourceVersionDate "2021.10.06"]
[SourceQuality "1"]

1. e4 e5 2. Nf3 Nc6 3. Nc3 Bc5 4. Be2 d6 5. d3 Nf6 6. O-O Be6 7. Ng5 Qd7 8. Nxe6 Qxe6 9. Nb5 O-O-O 10. Bd2 a6 11. Nc3 Nd4 12. Na4 Ba7 13. Nc3 Kb8 14. Rb1 g5 15. Bxg5 Rdg8 16. Bxf6 Qxf6 17. Nd5 Qg5 18. Bf3 f5 19. c3 fxe4 20. dxe4 Ne6 21. Qe2 c6 22. Ne3 Nf4 23. Qd2 Rg6 24. Kh1 Rf8 25. Rg1 Bxe3 26. fxe3 Rh6 27. Rgf1 Qg3 28. Kg1 Nh3+ 29. Kh1 Ng5 30. Kg1 Qxh2+ 31. Kf2 Nxe4+ 32. Ke2 Nxd2 0-1

[Event "Scarborough CC Howard Ridout U1800"]
[Site "Toronto CAN"]
[Date "2011.09.15"]
[Round "2"]
[White "Zhao, Harry"]
[Black "Warner, John"]
[Result "1-0"]
[WhiteElo "1357"]
[BlackElo "1074"]
[PlyCount "25"]
[GameId "2160767909648679"]
[EventDate "2011.09.08"]
[EventType "swiss"]
[EventRounds "6"]
[EventCountry "CAN"]
[SourceTitle "EXT 2022"]
[Source "ChessBase"]
[SourceDate "2021.10.06"]
[SourceVersion "1"]
[SourceVersionDate "2021.10.06"]
[SourceQuality "1"]

1. e4 c5 2. Nf3 d6 3. d4 cxd4 4. Nxd4 Nf6 5. Nc3 a6 6. Be3 e5 7. Nf3 b5 8. Nd5 Nxe4 9. Bb6 Qd7 10. Nc7+ Ke7 11. Nxa8 Qb7 12. Nc7 Qxb6 13. Nd5+ 1-0

[Event "Scarborough CC Howard Ridout U1800"]
[Site "Toronto CAN"]
[Date "2011.09.15"]
[Round "2"]
[White "Zhong, Joey"]
[Black "Patel, Alay"]
[Result "1-0"]
[WhiteElo "1313"]
[BlackElo "936"]
[PlyCount "33"]
[GameId "2160767909648680"]
[EventDate "2011.09.08"]
[EventType "swiss"]
[EventRounds "6"]
[EventCountry "CAN"]
[SourceTitle "EXT 2022"]
[Source "ChessBase"]
[SourceDate "2021.10.06"]
[SourceVersion "1"]
[SourceVersionDate "2021.10.06"]
[SourceQuality "1"]

1. e4 e6 2. d4 Bb4+ 3. c3 Be7 4. Nf3 Nf6 5. Bd3 O-O 6. Bg5 Ng4 7. Bxe7 Qxe7 8. Qd2 g6 9. Qf4 Nf6 10. e5 Nh5 11. Qh6 b6 12. Be4 Bb7 13. Bxb7 Nc6 14. g4 Rab8 15. Bxc6 Ng7 16. Ng5 dxc6 17. Qxh7# 1-0